01263nam a2200181 a 4500020002700000020003000027082001900057100001800076245008800094250001200182260003700194300001300231520069900244650002600943700002000969700002200989856007001011 a0122282558 (hardcover) a9780122282553 (hardcover) a615.952923 EAT aToxicology...14aThe toxicology of aflatoxins :human health,veterinary and agricultural significance a1st ed. a[S.l.] :bAcademic Press,c1993. a544 p. ; aAflatoxins, natural fungal toxins found in foods and animal feeds, have great public health significance. This book presents the basic and applied toxicology of aflatoxins, including analytical identification, agricultural and veterinary implications, toxicology and carcinogenesis in humans, and economic and regulatory problems associated with aflatoxin contamination and control. Key Features * Molecular mechanisms of aflatoxin toxicity * Analytical issues in sampling and analysis * Regulatory and economic issues associated with aflatoxin contamination of food and feed * Presentation of human and animal toxicology, veterinary, and agricultural issues related to aflatoxin contamination. atoxicology,aflatoxins1 aEaton, David L.1 aGroopman, John D.40uhttp://www.amazon.com/exec/obidos/ASIN/0122282558/chopaconline-20